000 00298nam a22001457a 4500
008 230508b ||||| |||| 00| 0 eng d
020 _a9780199356331
041 _aeng
080 _a7
082 _a7GAR
100 _a19
101 _aART
245 _aNOW PLAYING
_cGARARD.D
942 _2udc
_cBK
999 _c59674
_d59674